| 000 | 00876nas a2200265 4500 | ||
|---|---|---|---|
| 001 | BR2012003043 | ||
| 003 | BR-BrBNA | ||
| 005 | 20231205120508.0 | ||
| 007 | ta | ||
| 008 | 230509b bl.|||p| |||| 00| 00por d | ||
| 040 |
_aBR-BrBNA _bpor _cBiblioteca Nacional de Agricultura |
||
| 041 | _a(En) | ||
| 072 | _aF70 | ||
| 100 | 1 | _aVictoria, F. de c. | |
| 100 | 1 | _aPereira, A.B. | |
| 100 | 1 | _aCosta, D.P. da | |
| 245 | 1 | _aComposition and distribution of moss formations in the ice-free areas adjoining the Arctowski region, Admiralty Bay, King George Island, Antarctica | |
| 650 | _aMUSGO | ||
| 650 | _aBRIÓFITA | ||
| 650 | _aANTÁRTICA | ||
| 650 | _aDISTRIBUIÇÃO GEOGRÁFICA | ||
| 773 | 0 |
_tIheringia. Série Botânica (Brazil) _xISSN 0073-4705 _g(Jan-Jun 2009), v. 64(1) p. 81-91 _wBR2012003043 |
|
| 909 |
_a202311 _bLúcia _c55 _dLúcia Elande |
||
| 942 |
_2AGRIS _n0 _cANA |
||
| 999 |
_c218798 _d218798 |
||